[Event "DEM U12w 2019"]
[Site "Willingen GER"]
[Date "2019.06.10"]
[Round "3"]
[White "Zhou, Lepu Coco"]
[Black "Wilmink, Anna"]
[Result "1-0"]
[Termination "normal"]
[Board "1"]
[WhiteElo "1724"]
[BlackElo "1466"]
[WhiteClock "00:37:10"]
[BlackClock "00:15:41"]
[PlyCount "93"]
[WhiteFideId "16217136"]
[BlackFideId "16273680"]
[EventCountry "GER"]
[EventRounds "9"]
[EventType "swiss"]
[EventDate "2019.06.08"]

1. e4 {[%clk 1:30:56]} 1... c5 {[%clk 1:30:55]} 2. Nf3 {[%clk 1:31:21]} 2...
Nc6 {[%clk 1:31:17]} 3. d4 {[%clk 1:31:45]} 3... cxd4 {[%clk 1:31:38]} 4. Nxd4
{[%clk 1:32:09]} 4... g6 {[%clk 1:31:49]} 5. c4 {[%clk 1:32:30]} 5... Bg7 {
[%clk 1:31:58]} 6. Be3 {[%clk 1:32:53]} 6... Nf6 {[%clk 1:32:10]} 7. Nc3 {
[%clk 1:33:15]} 7... O-O {[%clk 1:32:13]} 8. Be2 {[%clk 1:33:36]} 8... d6 {
[%clk 1:31:51]} 9. O-O {[%clk 1:33:52]} 9... Bd7 {[%clk 1:31:55]} 10. f3 {
[%clk 1:34:11]} 10... Nxd4 {[%clk 1:31:12]} 11. Bxd4 {[%clk 1:34:30]} 11... Bc6
{[%clk 1:31:07]} 12. Qd2 {[%clk 1:34:35]} 12... Nd7 {[%clk 1:29:54]} 13. Bxg7 {
[%clk 1:32:31]} 13... Kxg7 {[%clk 1:29:59]} 14. Qd4+ {[%clk 1:31:01]} 14... Kg8
{[%clk 1:29:27]} 15. b4 {[%clk 1:29:32]} 15... b6 {[%clk 1:28:23]} 16. Rac1 {
[%clk 1:25:21]} 16... Rc8 {[%clk 1:25:35]} 17. Nd5 {[%clk 1:23:07]} 17... Bxd5
{[%clk 1:23:08]} 18. cxd5 {[%clk 1:23:13]} 18... Rc7 {[%clk 1:20:23]} 19. Bb5 {
[%clk 1:20:15]} 19... Nb8 {[%clk 1:11:38]} 20. Qd3 {[%clk 1:15:13]} 20... Qc8 {
[%clk 1:10:20]} 21. Qa3 {[%clk 1:12:40]} 21... f6 {[%clk 0:58:49]} 22. Rxc7 {
[%clk 1:12:37]} 22... Qxc7 {[%clk 0:59:08]} 23. Rc1 {[%clk 1:12:59]} 23... Qb7
{[%clk 0:58:57]} 24. Bc6 {[%clk 1:10:59]} 24... Qc7 {[%clk 0:58:09]} 25. b5 {
[%clk 1:01:41]} 25... Rc8 {[%clk 0:55:28]} 26. Rc4 {[%clk 0:59:38]} 26... a6 {
[%clk 0:50:26]} 27. bxa6 {[%clk 0:57:51]} 27... Qa7 {[%clk 0:50:02]} 28. Qe3 {
[%clk 0:46:04]} 28... Nxc6 {[%clk 0:45:25]} 29. Rxc6 {[%clk 0:46:00]} 29...
Rxc6 {[%clk 0:44:19]} 30. dxc6 {[%clk 0:46:22]} 30... Qxa6 {[%clk 0:41:10]} 31.
c7 {[%clk 0:46:20]} 31... Qb7 {[%clk 0:40:21]} 32. Qc3 {[%clk 0:46:37]} 32...
Qc8 {[%clk 0:38:18]} 33. Qb3+ {[%clk 0:46:56]} 33... Kg7 {[%clk 0:36:16]} 34.
Qxb6 {[%clk 0:47:18]} 34... Qd7 {[%clk 0:31:19]} 35. h3 {[%clk 0:46:17]} 35...
h5 {[%clk 0:27:01]} 36. Kh1 {[%clk 0:44:45]} 36... Qe6 {[%clk 0:24:18]} 37. Qc6
{[%clk 0:39:25]} 37... Qc8 {[%clk 0:23:13]} 38. a4 {[%clk 0:39:39]} 38... h4 {
[%clk 0:20:59]} 39. a5 {[%clk 0:39:56]} 39... f5 {[%clk 0:18:29]} 40. exf5 {
[%clk 0:38:37]} 40... gxf5 {[%clk 0:18:11]} 41. a6 {[%clk 0:38:18]} 41... Kg6 {
[%clk 0:16:56]} 42. a7 {[%clk 0:36:02]} 42... Qe6 {[%clk 0:17:11]} 43. Qc1 {
[%clk 0:36:22]} 43... Qc8 {[%clk 0:16:05]} 44. a8=Q {[%clk 0:36:21]} 44... Qxa8
45. c8=Q {[%clk 0:36:43]} 45... Qa5 {[%clk 0:15:41]} 46. Qe6+ {[%clk 0:36:59]}
46... Kg7 {[%clk 0:15:41]} 47. Qch6# {[%clk 0:37:10]} 1-0

[Event "DEM U12w 2019"]
[Site "Willingen GER"]
[Date "2019.06.10"]
[Round "3"]
[White "Adelmeyer, Nelly"]
[Black "Sereda, Yaroslava"]
[Result "0-1"]
[Termination "normal"]
[Board "2"]
[WhiteElo "1420"]
[BlackElo "1626"]
[WhiteClock "00:06:41"]
[BlackClock "00:13:15"]
[PlyCount "92"]
[WhiteFideId "16203577"]
[BlackFideId "14178940"]
[EventCountry "GER"]
[EventRounds "9"]
[EventType "swiss"]
[EventDate "2019.06.08"]

1. e4 {[%clk 1:30:58]} 1... c6 {[%clk 1:30:33]} 2. d4 {[%clk 1:31:21]} 2... d5
{[%clk 1:30:56]} 3. Nc3 {[%clk 1:31:35]} 3... dxe4 {[%clk 1:31:17]} 4. Nxe4 {
[%clk 1:31:59]} 4... Bf5 {[%clk 1:31:37]} 5. Ng3 {[%clk 1:32:21]} 5... Bg6 {
[%clk 1:32:00]} 6. Nf3 {[%clk 1:32:43]} 6... Nd7 {[%clk 1:32:20]} 7. Bc4 {
[%clk 1:32:50]} 7... e6 {[%clk 1:32:19]} 8. Bf4 {[%clk 1:32:43]} 8... Ngf6 {
[%clk 1:31:52]} 9. O-O {[%clk 1:32:40]} 9... Nd5 {[%clk 1:31:10]} 10. Bxd5 {
[%clk 1:31:58]} 10... cxd5 {[%clk 1:30:51]} 11. c3 {[%clk 1:31:14]} 11... Be7 {
[%clk 1:30:02]} 12. Qb3 {[%clk 1:28:50]} 12... Qc8 {[%clk 1:19:48]} 13. Ne5 {
[%clk 1:25:49]} 13... Nxe5 {[%clk 1:15:25]} 14. Bxe5 {[%clk 1:25:51]} 14... O-O
{[%clk 1:15:17]} 15. Rfe1 {[%clk 1:19:06]} 15... Qd7 {[%clk 1:13:35]} 16. Bf4 {
[%clk 1:15:10]} 16... Bd6 {[%clk 1:12:39]} 17. Bxd6 {[%clk 1:13:58]} 17... Qxd6
{[%clk 1:13:01]} 18. Re3 {[%clk 1:11:06]} 18... Rab8 {[%clk 1:08:06]} 19. Rae1
{[%clk 1:02:29]} 19... a6 {[%clk 1:07:13]} 20. Qd1 {[%clk 0:56:43]} 20... b5 {
[%clk 1:02:48]} 21. b4 {[%clk 0:47:59]} 21... Rfc8 {[%clk 1:00:20]} 22. Qf3 {
[%clk 0:39:21]} 22... a5 {[%clk 0:55:29]} 23. a3 {[%clk 0:38:10]} 23... axb4 {
[%clk 0:53:04]} 24. axb4 {[%clk 0:38:32]} 24... Ra8 {[%clk 0:51:13]} 25. Qe2 {
[%clk 0:34:20]} 25... Rc4 {[%clk 0:48:15]} 26. Qb2 {[%clk 0:33:04]} 26... Ra4 {
[%clk 0:43:41]} 27. Ra1 {[%clk 0:31:17]} 27... Rxa1+ {[%clk 0:30:12]} 28. Qxa1
{[%clk 0:31:42]} 28... Rc8 {[%clk 0:30:17]} 29. h3 {[%clk 0:26:54]} 29... Qc6 {
[%clk 0:28:07]} 30. Qf1 {[%clk 0:23:04]} 30... Ra8 {[%clk 0:27:38]} 31. Qe2 {
[%clk 0:18:54]} 31... Ra3 {[%clk 0:26:53]} 32. Qb2 {[%clk 0:19:01]} 32... Qa6 {
[%clk 0:26:07]} 33. Qe2 {[%clk 0:16:36]} 33... h6 {[%clk 0:21:24]} 34. Qf3 {
[%clk 0:13:37]} 34... Qc6 {[%clk 0:19:35]} 35. Kh2 {[%clk 0:11:14]} 35... Qc7 {
[%clk 0:19:05]} 36. Kg1 {[%clk 0:09:41]} 36... Ra1+ {[%clk 0:18:27]} 37. Kh2 {
[%clk 0:10:04]} 37... Rc1 {[%clk 0:18:18]} 38. Qe2 {[%clk 0:07:13]} 38... Qc6 {
[%clk 0:14:27]} 39. Qd2 {[%clk 0:06:29]} 39... Rc2 {[%clk 0:13:15]} 40. Qe1 {
[%clk 0:06:41]} 40... Qc4 41. Ne2 Qa2 42. Kg3 Rd2 43. Nc1 Qc2 44. Qf1 Rd1 45.
Re1 Qxc3+ 46. Kh2 Rxe1 0-1

[Event "DEM U12w 2019"]
[Site "Willingen GER"]
[Date "2019.06.10"]
[Round "3"]
[White "Bräutigam, Katerina"]
[Black "Keymer, Cecilia"]
[Result "1-0"]
[Termination "normal"]
[Board "3"]
[WhiteElo "1697"]
[BlackElo "1511"]
[WhiteClock "00:19:05"]
[BlackClock "00:08:31"]
[PlyCount "67"]
[WhiteFideId "16242980"]
[BlackFideId "16233468"]
[EventCountry "GER"]
[EventRounds "9"]
[EventType "swiss"]
[EventDate "2019.06.08"]

1. e4 1... e5 {[%clk 1:30:54]} 2. Nf3 {[%clk 1:31:25]} 2... Nc6 {[%clk 1:31:18]
} 3. Bb5 {[%clk 1:31:51]} 3... a6 {[%clk 1:31:29]} 4. Ba4 {[%clk 1:32:16]} 4...
Nf6 {[%clk 1:31:16]} 5. O-O {[%clk 1:32:30]} 5... Be7 {[%clk 1:31:01]} 6. Re1 {
[%clk 1:32:26]} 6... b5 {[%clk 1:29:36]} 7. Bb3 {[%clk 1:32:47]} 7... O-O {
[%clk 1:28:04]} 8. h3 {[%clk 1:33:03]} 8... d6 {[%clk 1:27:21]} 9. c3 { [%clk
1:33:17]} 9... Na5 {[%clk 1:23:08]} 10. Bc2 {[%clk 1:33:33]} 10... c5 { [%clk
1:20:36]} 11. d4 {[%clk 1:33:22]} 11... Qc7 {[%clk 1:19:23]} 12. Nbd2 { [%clk
1:33:20]} 12... Bd7 {[%clk 1:10:17]} 13. Nf1 {[%clk 1:31:51]} 13... Nc4 { [%clk
1:05:38]} 14. b3 {[%clk 1:30:01]} 14... Nb6 {[%clk 1:01:51]} 15. Be3 { [%clk
1:29:29]} 15... Rac8 {[%clk 0:54:53]} 16. Rc1 {[%clk 1:29:07]} 16... Rfe8
{[%clk 0:49:45]} 17. Ng3 {[%clk 1:27:31]} 17... Bf8 {[%clk 0:41:27]} 18. Qd2 {
[%clk 1:14:45]} 18... c4 {[%clk 0:31:40]} 19. Bb1 {[%clk 1:05:15]} 19... Bc6 {
[%clk 0:26:20]} 20. Bg5 {[%clk 0:54:20]} 20... Nfd7 {[%clk 0:23:57]} 21. d5 {
[%clk 0:48:23]} 21... Bb7 {[%clk 0:23:56]} 22. Nf5 {[%clk 0:48:18]} 22... Nc5 {
[%clk 0:21:02]} 23. b4 {[%clk 0:48:30]} 23... Nca4 {[%clk 0:19:58]} 24. Qe3 {
[%clk 0:39:26]} 24... Ra8 {[%clk 0:18:26]} 25. Nh2 {[%clk 0:31:54]} 25... a5 {
[%clk 0:16:00]} 26. Qg3 {[%clk 0:31:43]} 26... Kh8 {[%clk 0:14:23]} 27. Ng4 {
[%clk 0:28:27]} 27... Nc8 {[%clk 0:12:56]} 28. Nf6 {[%clk 0:25:04]} 28... Rd8 {
[%clk 0:11:48]} 29. Nxh7 {[%clk 0:19:41]} 29... Kg8 {[%clk 0:09:53]} 30. Nf6+ {
[%clk 0:17:38]} 30... gxf6 {[%clk 0:09:40]} 31. Bxf6+ {[%clk 0:18:01]} 31...
Kh7 {[%clk 0:09:24]} 32. Qh4+ {[%clk 0:18:22]} 32... Kg6 {[%clk 0:08:35]} 33.
Qg5+ {[%clk 0:18:40]} 33... Kh7 {[%clk 0:08:31]} 34. Qh5+ {[%clk 0:19:05]} 1-0

[Event "DEM U12w 2019"]
[Site "Willingen GER"]
[Date "2019.06.10"]
[Round "3"]
[White "Roncea, Andreea-Alexandra"]
[Black "Glowiak, Alexandra"]
[Result "1-0"]
[Termination "normal"]
[Board "4"]
[WhiteElo "1558"]
[BlackElo "1439"]
[WhiteClock "00:26:39"]
[BlackClock "00:22:40"]
[PlyCount "115"]
[WhiteFideId "16233115"]
[BlackFideId "16259530"]
[EventCountry "GER"]
[EventRounds "9"]
[EventType "swiss"]
[EventDate "2019.06.08"]

1. e4 {[%clk 1:30:57]} 1... e5 {[%clk 1:30:51]} 2. Nf3 {[%clk 1:31:21]} 2...
Nc6 {[%clk 1:31:15]} 3. Bc4 {[%clk 1:31:47]} 3... Bc5 {[%clk 1:31:33]} 4. d3 {
[%clk 1:32:12]} 4... Nf6 {[%clk 1:31:51]} 5. Bb3 {[%clk 1:32:27]} 5... d5 {
[%clk 1:32:09]} 6. exd5 {[%clk 1:32:44]} 6... Nxd5 {[%clk 1:32:31]} 7. O-O {
[%clk 1:32:38]} 7... Bg4 {[%clk 1:32:39]} 8. Re1 {[%clk 1:32:12]} 8... O-O {
[%clk 1:32:46]} 9. Nbd2 {[%clk 1:32:25]} 9... Re8 {[%clk 1:27:05]} 10. Ne4 {
[%clk 1:31:53]} 10... Bb6 {[%clk 1:27:04]} 11. h3 {[%clk 1:30:41]} 11... Bh5 {
[%clk 1:27:20]} 12. Ng3 {[%clk 1:30:18]} 12... Bg6 {[%clk 1:26:58]} 13. a3 {
[%clk 1:27:39]} 13... h6 {[%clk 1:25:27]} 14. Ba2 {[%clk 1:24:25]} 14... a6 {
[%clk 1:24:54]} 15. Qd2 {[%clk 1:20:36]} 15... Qd7 {[%clk 1:17:24]} 16. b4 {
[%clk 1:18:43]} 16... Re7 {[%clk 1:08:07]} 17. Bb2 {[%clk 1:16:35]} 17... Rae8
{[%clk 1:07:45]} 18. Rad1 {[%clk 1:06:07]} 18... Nd4 {[%clk 1:00:11]} 19. Nxd4
{[%clk 0:57:36]} 19... exd4 {[%clk 0:59:10]} 20. Nf1 {[%clk 0:53:12]} 20... Qf5
{[%clk 0:46:22]} 21. Ng3 {[%clk 0:48:27]} 21... Rxe1+ {[%clk 0:34:45]} 22. Rxe1
{[%clk 0:48:43]} 22... Rxe1+ {[%clk 0:35:10]} 23. Qxe1 {[%clk 0:48:46]} 23...
Qg5 {[%clk 0:31:58]} 24. Bc1 {[%clk 0:45:08]} 24... Qd8 {[%clk 0:31:49]} 25.
Bd2 {[%clk 0:42:58]} 25... Qd7 {[%clk 0:28:00]} 26. Nf1 {[%clk 0:38:47]} 26...
Qc6 {[%clk 0:27:09]} 27. Nh2 {[%clk 0:36:36]} 27... Bh5 {[%clk 0:25:18]} 28.
Bb3 {[%clk 0:28:44]} 28... Nc3 {[%clk 0:24:26]} 29. Bxc3 {[%clk 0:28:21]} 29...
dxc3 {[%clk 0:24:51]} 30. Qe5 {[%clk 0:26:46]} 30... Bg6 {[%clk 0:24:10]} 31.
Bd5 {[%clk 0:26:18]} 31... Qb5 {[%clk 0:23:21]} 32. Nf3 {[%clk 0:25:29]} 32...
Kf8 {[%clk 0:18:45]} 33. Bxb7 {[%clk 0:22:40]} 33... Bxf2+ {[%clk 0:18:46]} 34.
Kxf2 {[%clk 0:22:56]} 34... Qxb7 {[%clk 0:19:14]} 35. Qxc3 {[%clk 0:23:04]}
35... Qb6+ {[%clk 0:19:04]} 36. d4 {[%clk 0:22:57]} 36... f6 {[%clk 0:18:29]}
37. Qc5+ {[%clk 0:21:04]} 37... Qxc5 {[%clk 0:18:55]} 38. dxc5 {[%clk 0:21:26]}
38... Bxc2 {[%clk 0:19:12]} 39. Nd4 {[%clk 0:21:46]} 39... Bd3 {[%clk 0:19:03]}
40. Ne6+ {[%clk 0:21:59]} 40... Ke7 {[%clk 0:18:59]} 41. Nxc7 {[%clk 0:21:27]}
41... Bc4 {[%clk 0:19:15]} 42. Na8 {[%clk 0:21:37]} 42... Kd7 {[%clk 0:19:27]}
43. Nb6+ {[%clk 0:21:59]} 43... Kc6 {[%clk 0:19:49]} 44. Nxc4 {[%clk 0:22:25]}
44... g6 {[%clk 0:19:40]} 45. Ke3 {[%clk 0:22:44]} 45... Kd5 {[%clk 0:19:42]}
46. Nb6+ {[%clk 0:23:01]} 46... Kc6 {[%clk 0:20:06]} 47. Kd4 {[%clk 0:23:19]}
47... h5 {[%clk 0:20:20]} 48. a4 {[%clk 0:23:30]} 48... g5 {[%clk 0:20:17]} 49.
Kc4 {[%clk 0:23:16]} 49... f5 {[%clk 0:20:36]} 50. b5+ {[%clk 0:23:41]} 50...
axb5+ {[%clk 0:20:53]} 51. axb5+ {[%clk 0:24:05]} 51... Kb7 52. Kd5 52... g4 {
[%clk 0:21:09]} 53. hxg4 {[%clk 0:24:43]} 53... fxg4 {[%clk 0:21:33]} 54. Ke4 {
[%clk 0:25:02]} 54... h4 {[%clk 0:21:47]} 55. Kf4 {[%clk 0:25:19]} 55... h3 {
[%clk 0:21:57]} 56. gxh3 {[%clk 0:25:44]} 56... gxh3 {[%clk 0:22:20]} 57. Kg3 {
[%clk 0:26:11]} 57... h2 {[%clk 0:22:40]} 58. Kxh2 {[%clk 0:26:39]} 1-0

[Event "DEM U12w 2019"]
[Site "Willingen GER"]
[Date "2019.06.10"]
[Round "3"]
[White "Pohle, Saskia"]
[Black "Alhassan, Jodi"]
[Result "1-0"]
[Termination "normal"]
[Board "5"]
[WhiteElo "1819"]
[BlackElo "1108"]
[WhiteClock "01:11:19"]
[BlackClock "00:19:04"]
[PlyCount "61"]
[WhiteFideId "16201604"]
[BlackFideId "16250460"]
[EventCountry "GER"]
[EventRounds "9"]
[EventType "swiss"]
[EventDate "2019.06.08"]

1. e4 {[%clk 1:30:59]} 1... c5 {[%clk 1:30:53]} 2. Nf3 {[%clk 1:31:24]} 2... d6
{[%clk 1:31:14]} 3. d4 {[%clk 1:31:50]} 3... cxd4 {[%clk 1:31:38]} 4. Nxd4 {
[%clk 1:32:14]} 4... Nf6 {[%clk 1:31:58]} 5. Nc3 {[%clk 1:32:39]} 5... a6 {
[%clk 1:32:18]} 6. h3 {[%clk 1:32:56]} 6... Nc6 {[%clk 1:32:14]} 7. Be3 { [%clk
1:33:18]} 7... e6 {[%clk 1:32:02]} 8. Qd2 {[%clk 1:29:20]} 8... Be7 { [%clk
1:26:48]} 9. g4 {[%clk 1:27:52]} 9... O-O {[%clk 1:21:17]} 10. O-O-O { [%clk
1:26:57]} 10... Qc7 {[%clk 1:16:34]} 11. g5 {[%clk 1:26:33]} 11... Nd7 { [%clk
1:13:53]} 12. f4 {[%clk 1:25:37]} 12... b5 {[%clk 1:06:53]} 13. f5 { [%clk
1:23:28]} 13... Nxd4 {[%clk 1:00:42]} 14. Bxd4 {[%clk 1:23:29]} 14... b4 {[%clk
0:56:41]} 15. Ne2 {[%clk 1:23:04]} 15... exf5 {[%clk 0:55:24]} 16. exf5 {[%clk
1:23:17]} 16... Bd8 {[%clk 0:45:33]} 17. f6 {[%clk 1:21:55]} 17... g6 { [%clk
0:45:08]} 18. h4 {[%clk 1:21:18]} 18... Bb7 {[%clk 0:40:23]} 19. Rh2 { [%clk
1:20:27]} 19... Qa5 {[%clk 0:39:10]} 20. Kb1 {[%clk 1:19:42]} 20... Bd5 { [%clk
0:34:17]} 21. Nc1 {[%clk 1:18:40]} 21... Nb6 {[%clk 0:31:12]} 22. Bxb6 { [%clk
1:18:21]} 22... Bxb6 {[%clk 0:31:30]} 23. Qxd5 {[%clk 1:18:10]} 23... Qxd5
{[%clk 0:31:05]} 24. Rxd5 {[%clk 1:18:31]} 24... Rfd8 {[%clk 0:29:51]} 25. Bg2
{[%clk 1:18:10]} 25... Rab8 {[%clk 0:28:11]} 26. Nd3 {[%clk 1:14:27]} 26... Bc7
{[%clk 0:25:15]} 27. Bf3 {[%clk 1:12:33]} 27... a5 {[%clk 0:22:41]} 28. h5
{[%clk 1:12:35]} 28... Rb6 {[%clk 0:19:41]} 29. hxg6 {[%clk 1:11:51]} 29...
hxg6 {[%clk 0:19:12]} 30. Rd4 {[%clk 1:11:16]} 30... d5 {[%clk 0:19:04]} 31.
Rh3 {[%clk 1:11:19]} 1-0

[Event "DEM U12w 2019"]
[Site "Willingen GER"]
[Date "2019.06.10"]
[Round "3"]
[White "Petrosyan, Ani"]
[Black "Ramien, Hannah"]
[Result "1-0"]
[Termination "normal"]
[Board "6"]
[WhiteElo "1378"]
[BlackElo "1296"]
[WhiteClock "00:03:11"]
[BlackClock "00:11:48"]
[PlyCount "103"]
[WhiteFideId "16248015"]
[BlackFideId "16209982"]
[EventCountry "GER"]
[EventRounds "9"]
[EventType "swiss"]
[EventDate "2019.06.08"]

1. c4 {[%clk 1:30:57]} 1... e6 {[%clk 1:30:53]} 2. Nf3 {[%clk 1:31:19]} 2... d5
{[%clk 1:31:16]} 3. d4 {[%clk 1:31:34]} 3... Nf6 {[%clk 1:31:36]} 4. Nc3 {
[%clk 1:31:47]} 4... Be7 {[%clk 1:31:19]} 5. cxd5 {[%clk 1:31:52]} 5... Nxd5 {
[%clk 1:30:51]} 6. e4 {[%clk 1:28:05]} 6... Nf6 {[%clk 1:24:19]} 7. Be2 { [%clk
1:22:20]} 7... Bb4 {[%clk 1:23:28]} 8. Qc2 {[%clk 1:11:51]} 8... O-O { [%clk
1:14:50]} 9. O-O {[%clk 1:11:34]} 9... b6 {[%clk 1:14:20]} 10. Bg5 { [%clk
1:07:37]} 10... h6 {[%clk 1:13:49]} 11. Bh4 {[%clk 1:06:47]} 11... Bb7 { [%clk
1:13:13]} 12. e5 {[%clk 0:54:10]} 12... g5 {[%clk 0:56:21]} 13. Nxg5 { [%clk
0:40:11]} 13... hxg5 {[%clk 0:54:58]} 14. Bxg5 {[%clk 0:39:59]} 14... Be7
{[%clk 0:53:31]} 15. Bxf6 {[%clk 0:39:44]} 15... Bxf6 {[%clk 0:53:51]} 16. exf6
{[%clk 0:40:04]} 16... Qxf6 {[%clk 0:54:14]} 17. Rad1 {[%clk 0:39:25]} 17...
Qg5 {[%clk 0:51:34]} 18. Ne4 {[%clk 0:35:29]} 18... Qg6 {[%clk 0:49:45]} 19.
Bd3 {[%clk 0:33:22]} 19... f5 {[%clk 0:49:32]} 20. Ng3 {[%clk 0:32:31]} 20...
Qg7 {[%clk 0:47:16]} 21. Rfe1 {[%clk 0:28:49]} 21... Nc6 {[%clk 0:40:40]} 22.
Bc4 {[%clk 0:19:43]} 22... Nxd4 {[%clk 0:25:59]} 23. Bxe6+ {[%clk 0:16:47]}
23... Kh8 {[%clk 0:25:18]} 24. Qc3 {[%clk 0:15:23]} 24... c5 {[%clk 0:24:42]}
25. Bc4 {[%clk 0:09:37]} 25... Rae8 {[%clk 0:23:08]} 26. Bf1 {[%clk 0:06:35]}
26... Ba8 {[%clk 0:15:42]} 27. Re3 {[%clk 0:01:54]} 27... Rxe3 {[%clk 0:14:30]}
28. fxe3 {[%clk 0:01:47]} 28... Ne6 {[%clk 0:13:41]} 29. Qxg7+ {[%clk 0:02:08]}
29... Kxg7 {[%clk 0:14:03]} 30. Rd7+ {[%clk 0:02:22]} 30... Rf7 {[%clk 0:11:37]
} 31. Rxf7+ {[%clk 0:02:46]} 31... Kxf7 {[%clk 0:12:03]} 32. Nxf5 { [%clk
0:03:11]} 32... Kf6 {[%clk 0:11:42]} 33. Bd3 {[%clk 0:02:54]} 33... Bd5 { [%clk
0:11:32]} 34. a3 {[%clk 0:03:00]} 34... c4 {[%clk 0:11:48]} 35. Bc2 { [%clk
0:03:11]} 35... b5 36. Kf2 a5 37. h4 Ng7 38. Nxg7 Kxg7 39. e4 Be6 40. e5 b4 41.
axb4 axb4 42. Kf3 b3 43. Be4 Kh6 44. g4 Kg7 45. g5 Kf7 46. h5 Kg7 47. h6+ Kh8
48. g6 Kg8 49. Kf4 Kh8 50. Kg5 Kg8 51. Kf6 Bd7 52. h7+ 1-0

[Event "DEM U12w 2019"]
[Site "Willingen GER"]
[Date "2019.06.10"]
[Round "3"]
[White "Ulrich, Helena Irene"]
[Black "Peglau, Charis"]
[Result "0-1"]
[Termination "normal"]
[Board "7"]
[WhiteElo "1514"]
[BlackElo "1514"]
[WhiteClock "00:16:57"]
[BlackClock "01:07:13"]
[PlyCount "46"]
[WhiteFideId "16256000"]
[BlackFideId "16219996"]
[EventCountry "GER"]
[EventRounds "9"]
[EventType "swiss"]
[EventDate "2019.06.08"]

1. e4 {[%clk 1:30:57]} 1... c6 {[%clk 1:30:52]} 2. d4 {[%clk 1:31:21]} 2... d5
{[%clk 1:31:16]} 3. Nc3 {[%clk 1:31:46]} 3... dxe4 {[%clk 1:31:39]} 4. Nxe4 {
[%clk 1:32:09]} 4... Nf6 {[%clk 1:32:00]} 5. Nxf6+ {[%clk 1:32:32]} 5... exf6 {
[%clk 1:32:23]} 6. c3 {[%clk 1:32:52]} 6... Be6 {[%clk 1:32:26]} 7. Bd3 { [%clk
1:31:56]} 7... Bd6 {[%clk 1:32:37]} 8. Nf3 {[%clk 1:31:38]} 8... Nd7 { [%clk
1:32:37]} 9. Be3 {[%clk 1:30:36]} 9... Qc7 {[%clk 1:32:19]} 10. Qc2 { [%clk
1:28:19]} 10... h6 {[%clk 1:32:20]} 11. O-O {[%clk 1:25:23]} 11... g5 { [%clk
1:28:04]} 12. g3 {[%clk 1:10:58]} 12... O-O-O {[%clk 1:24:08]} 13. Rfe1 { [%clk
1:03:58]} 13... h5 {[%clk 1:23:38]} 14. a4 {[%clk 0:55:45]} 14... h4 { [%clk
1:23:48]} 15. b4 {[%clk 0:48:08]} 15... hxg3 {[%clk 1:22:10]} 16. fxg3 { [%clk
0:44:45]} 16... Rh5 {[%clk 1:16:15]} 17. b5 {[%clk 0:35:00]} 17... Rdh8 { [%clk
1:15:37]} 18. Qf2 {[%clk 0:28:26]} 18... Bd5 {[%clk 1:11:33]} 19. Re2 { [%clk
0:25:29]} 19... Bxg3 {[%clk 1:09:35]} 20. Qxg3 {[%clk 0:18:51]} 20... Qxg3+
{[%clk 1:08:56]} 21. hxg3 {[%clk 0:19:16]} 21... Bxf3 {[%clk 1:08:47]} 22. Ree1
{[%clk 0:18:20]} 22... Rh2 {[%clk 1:08:27]} 23. Bf1 {[%clk 0:16:57]} 23... Rc2
{[%clk 1:07:13]} 0-1

[Event "DEM U12w 2019"]
[Site "Willingen GER"]
[Date "2019.06.10"]
[Round "3"]
[White "Sohr, Luna"]
[Black "Fischer, Darja"]
[Result "0-1"]
[Termination "normal"]
[Board "8"]
[WhiteElo "1357"]
[BlackElo "1480"]
[WhiteClock "00:11:34"]
[BlackClock "00:24:36"]
[PlyCount "46"]
[WhiteFideId "16251261"]
[BlackFideId "16240898"]
[EventCountry "GER"]
[EventRounds "9"]
[EventType "swiss"]
[EventDate "2019.06.08"]

1. d4 {[%clk 1:30:57]} 1... d5 {[%clk 1:30:55]} 2. c4 {[%clk 1:31:23]} 2... e6
{[%clk 1:31:19]} 3. Nc3 {[%clk 1:31:48]} 3... Nf6 {[%clk 1:31:41]} 4. cxd5 {
[%clk 1:32:10]} 4... exd5 {[%clk 1:31:57]} 5. Bg5 {[%clk 1:32:21]} 5... Be7 {
[%clk 1:31:41]} 6. e3 {[%clk 1:31:23]} 6... O-O {[%clk 1:30:22]} 7. Bd3 { [%clk
1:29:45]} 7... b6 {[%clk 1:28:17]} 8. Qc2 {[%clk 1:25:37]} 8... Nbd7 { [%clk
1:25:25]} 9. Nf3 {[%clk 1:21:52]} 9... Bb7 {[%clk 1:21:45]} 10. O-O { [%clk
1:18:03]} 10... h6 {[%clk 1:20:24]} 11. Bh4 {[%clk 1:09:41]} 11... Re8 { [%clk
1:09:06]} 12. Rac1 {[%clk 1:01:26]} 12... c5 {[%clk 1:03:49]} 13. b3 { [%clk
0:52:02]} 13... Rc8 {[%clk 0:58:11]} 14. Nd2 {[%clk 0:44:41]} 14... cxd4 {[%clk
0:49:05]} 15. exd4 {[%clk 0:42:27]} 15... Ne4 {[%clk 0:43:32]} 16. Bxe4 {[%clk
0:37:52]} 16... dxe4 {[%clk 0:43:07]} 17. Bg3 {[%clk 0:34:25]} 17... Nf6 {[%clk
0:38:41]} 18. Qd1 {[%clk 0:28:13]} 18... Ba6 {[%clk 0:34:18]} 19. Re1 { [%clk
0:23:49]} 19... Ba3 {[%clk 0:33:38]} 20. Ndxe4 {[%clk 0:17:16]} 20... Nxe4
{[%clk 0:31:38]} 21. Nxe4 {[%clk 0:13:48]} 21... Rxc1 {[%clk 0:29:50]} 22. Nf6+
{[%clk 0:11:53]} 22... Qxf6 {[%clk 0:24:16]} 23. Rxe8+ {[%clk 0:11:34]} 23...
Kh7 {[%clk 0:24:36]} 0-1